Developing managers for the 1980s (Record no. 63478)

MARC details
000 -LEADER
fixed length control field 00766nam a2200181 a 4500
008 - FIXED-LENGTH DATA ELEMENTS--GENERAL INFORMATION
fixed length control field 120416s1981 ||||||||||||||||| || u
020 ## - INTERNATIONAL STANDARD BOOK NUMBER
International Standard Book Number 0333255100
050 ## - LIBRARY OF CONGRESS CALL NUMBER
Classification number HD 30.42 Dev
100 ## - MAIN ENTRY--PERSONAL NAME
Personal name Cooper, Cary L
245 10 - TITLE STATEMENT
Title Developing managers for the 1980s
Statement of responsibility, etc. edited by Cary L. Cooper
260 ## - PUBLICATION, DISTRIBUTION, ETC.
Place of publication, distribution, etc. London
Name of publisher, distributor, etc. MacMillan Press
Date of publication, distribution, etc. 1981
300 ## - PHYSICAL DESCRIPTION
Extent xxxvii, 149p. : ill
350 ## -
-- 0.00
650 #0 - SUBJECT ADDED ENTRY--TOPICAL TERM
Topical term or geographic name entry element MANAGEMENT
650 ## - SUBJECT ADDED ENTRY--TOPICAL TERM
Topical term or geographic name entry element MANAGEMENT--DEVELOPMENT
995 ## -
-- ANNEX COLLECTION (Main Library)
-- 0.00
-- 711419
-- CBU-MAIN LIBRARY (Kitwe)
-- 1
-- 0.00
-- HD 30.42 Dev
-- 1
-- AVAILABLE
-- 002731
-- Annex Low-Usage Collection
995 ## -
-- MAIN LIBRARY OPEN ACCESS
-- 0.00
-- 726127
-- CBU-MAIN LIBRARY (Kitwe)
-- 2
-- 0.00
-- HD 30.42 Dev
-- 2
-- AVAILABLE
-- 003057
-- Main Library Open Access Collection
999 ## -
-- 63478
-- 63478
Holdings
Withdrawn status Lost status Source of classification or shelving scheme Damaged status Not for loan Permanent Location Current Location Shelving location Date acquired Total Checkouts Full call number Barcode Date last seen Price effective from Koha item type
          CBU-MAIN LIBRARY, KITWE. CBU-MAIN LIBRARY, KITWE.   12/24/2022   HD 30.42 Dev 002731 12/24/2022 12/24/2022 MONOGRAPH
          CBU-MAIN LIBRARY, KITWE. CBU-MAIN LIBRARY, KITWE.   12/24/2022   HD 30.42 Dev 003057 12/24/2022 12/24/2022 MONOGRAPH